The new kid at school / (Record no. 831)

MARC details
000 -LEADER
fixed length control field 01074nam a22003257a 4500
005 - DATE AND TIME OF LATEST TRANSACTION
control field 20230711093918.0
020 ## - INTERNATIONAL STANDARD BOOK NUMBER
International Standard Book Number 0448415925 (pbk.)
020 ## - INTERNATIONAL STANDARD BOOK NUMBER
International Standard Book Number 0448417278 (gb)
040 ## - CATALOGING SOURCE
Original cataloging agency DLC
Transcribing agency DLC
Modifying agency DLC
Language of cataloging eng
050 00 - LIBRARY OF CONGRESS CALL NUMBER
Classification number PZ7.M47879
Item number Ne 1997
082 00 - DEWEY DECIMAL CLASSIFICATION NUMBER
Classification number 813.54
Edition number 21
100 1# - MAIN ENTRY--PERSONAL NAME
Personal name McMullan, Kate.
245 14 - TITLE STATEMENT
Title The new kid at school /
Statement of responsibility, etc. by K.H. McMullan ; illustrated by Bill Basso.
250 ## - EDITION STATEMENT
Edition statement First Scholastic printing, November 2003.
260 ## - PUBLICATION, DISTRIBUTION, ETC.
Place of publication, distribution, etc. New York :
Name of publisher, distributor, etc. Scholastic,
Date of publication, distribution, etc. 2003.
300 ## - PHYSICAL DESCRIPTION
Extent 109 pages :
Other physical details illustrations,
Dimensions 20 cm.
490 1# - SERIES STATEMENT
Series statement Dragon Slayers' Academy ;
Volume/sequential designation Book 1
505 ## - FORMATTED CONTENTS NOTE
Formatted contents note J <br/>
520 ## - SUMMARY, ETC.
Summary, etc. Wiglaf is off to Dragon Slayers' Academy and in for a first day of school he will never forget.
521 ## - TARGET AUDIENCE NOTE
Target audience note 500 <br/>
Source Lexile,
521 ## - TARGET AUDIENCE NOTE
Target audience note J
Source Raz-Plus
650 #1 - SUBJECT ADDED ENTRY--TOPICAL TERM
Topical term or geographic name entry element Dragons
General subdivision Fiction.
650 #1 - SUBJECT ADDED ENTRY--TOPICAL TERM
Topical term or geographic name entry element First day of school
General subdivision Fiction.
650 #1 - SUBJECT ADDED ENTRY--TOPICAL TERM
Topical term or geographic name entry element Schools
General subdivision Fiction.
700 1# - ADDED ENTRY--PERSONAL NAME
Personal name Basso, Bill,
Relator term illustrator
906 ## - LOCAL DATA ELEMENT F, LDF (RLIN)
a 7
b cbc
c orignew
d 1
e ocip
f 19
g y-gencatlg
942 ## - ADDED ENTRY ELEMENTS (KOHA)
Source of classification or shelving scheme Dewey Decimal Classification
Koha item type Books
Suppress in OPAC No
999 ## -
-- 831
-- 831
Holdings
Withdrawn status Lost status Source of classification or shelving scheme Damaged status Not for loan Collection Home library Current library Shelving location Date acquired Total Checkouts Full call number Barcode Date last seen Price effective from Koha item type
    Dewey Decimal Classification     Fiction Footprints International School Library Network Toul Kork Campus Footprints International School Library Network Toul Kork Campus TK Primary Library Room(4th Floor), Bookcase 1&2, Shelves 1-16, Dark Blue Books 07/11/2023   MCM Fic 813.54 PZ7.M47879 FISTK00447 07/11/2023 07/11/2023 Books